Joueurs français à Arsenal - Statistiques

Statistiques générales
  • Ce quiz a été pris 148 fois
  • Le résultat moyen est 12 sur 29
Statistiques - réponses
Hint Réponse % Correct
1999 - 2007 Henry
93%
2019 - Aujourd'hui Saliba
92%
2000 - 2006 Pirès
72%
2012 - 2018 Giroud
71%
2017 - 2022 Lacazette
69%
1996 - 2005 Vieira
66%
2010 - 2019 Koscielny
65%
2008 - 2011 Nasri
63%
2007 - 2014 Sagna
59%
2003 - 2011 Clichy
56%
1997 - 2000 Petit
51%
2018 - 2020 Guendouzi
46%
1997 - 1999 Anelka
43%
2014 - 2016 Debuchy
41%
2004 - 2008 Flamini
41%
2006 - 2010 Gallas
40%
2006 - 2015 Diaby
35%
2011 - 2013 Coquelin
33%
2000 - 2004 Wiltord
24%
2010 - 2013 Squillaci
20%
2001 - 2005 Aliadière
17%
2007 - 2008 Diarra
17%
2002 - 2006 Cygan
14%
1996 - 1999 Garde
13%
1997 - 2003 Grimandi
13%
2013 - 2016 Sanogo
13%
2008 - 2010 Silvestre
9%
2003 - 2003 Warmuz
8%
1998 - 1999 Grondin
3%
Aucun quiz correspondant
Distribution des résultats
% des personnes avec chaque résultat
Percentile par nombre de réponses
Votre historique - résultats
Vous n’avez pas pris ce quiz